| 000 | 00560nam a2200193Ia 4500 | ||
|---|---|---|---|
| 008 | 160319s9999 xx 000 0 und d | ||
| 020 | _a9710863444 | ||
| 050 | _a959.9 | ||
| 050 | _bZ93p 2003 | ||
| 100 | _aZulueta, Francisco M. | ||
| 245 | _aPhilippine history and government through the years / | ||
| 245 | _cFrancisco M. Zulueta, Abriel M. Nebres. | ||
| 260 | _aMandaluyong : | ||
| 260 | _bNational Bookstore. | ||
| 260 | _c2003 | ||
| 300 | _a 347 pages : | ||
| 650 | _aHistory -- Philippines. | ||
| 650 | _aPhilippine -- History and government. | ||
| 999 |
_c292265 _d292265 |
||